000 00756nam a2200229 i 4500
001 C2-0232768
003 PPAK
005 20180728085942.0
008 010212s1970 ph a|||| ||||| | eng d
040 _aPPAK
_beng
_cPPAK
_erda
082 0 4 _a571.09914
_223
090 0 0 _a571.09914
_bFOX
_dKSF
100 1 _aFox, Robert B.,
_eauthor
245 1 4 _aThe tabon caves:
_barchaeological explorations and excavations on Palawan Island, Philippines
264 1 _aManila :
_bNasional Museum ,
_c1970
300 _axiii, 197 pages :
_billustrations ;
_c23 cm
336 _2rdacontent
_atext
337 _2rdamedia
_aunmediated
338 _2rdacarrier
_avolume
650 1 0 _aCaves - Philippines - Palawan ; Palawan (Philippines) - Antiquities
942 _ddc
_cB
999 _c151895
_d151895